• 首页
  • 本馆介绍
  • 公告通知
  • 最新文献
  • 馆藏检索
  • 电子资源
  • 读者导购
  • 参考咨询
  • 我的图书馆
  • 登录
  • 详细信息显示
  • 放入我的书架
  • 预约/预借图书
  • 作者相关作品
  • 分类相关作品
  • 丛书相关作品
  • 出版社相关作品

书目信息

  • 表格格式
  • 工作单格式
  • 卡片格式
题名:
地图学
    
 
作者: 张力果,赵淑梅编著
分册:  
出版信息: 北京   高等教育出版社  1983
页数: 232页
开本: 26cm
丛书名:
单 册:
中图分类: P28
科图分类:
主题词: 地图学
电子资源:
ISBN:
000 00701nam0 2200265 45
001 0183006057
005 20041202105421.1
010    @dCNY1.80
091    @a12010.033
100    @a19950603d1983 em y0chiy0121 ea
101 0  @achi
102    @aCN@b110000
105    @ay z 000yy
200 10 @a地图学@Adi tu xue@f张力果,赵淑梅编著@FZhang Li Guo,Zhao Shu Mei BianZhu
210    @a北京@c高等教育出版社@d1983
215    @a232页@d26cm
300    @a高等学校试用教材
606    @a地图学
690    @aP28@v3
701  0 @Azhao shu mei@4编著
701  0 @a张力果@4编著
701  0 @a赵淑梅@4编著
801  0 @aCN@b上海图书馆@c20040520
801  2 @aCN@bNLC@c20040520
905    @dP28@e17@f1@b111480
    
    地图学/张力果,赵淑梅编著.-北京:高等教育出版社,1983
    232页;26cm
    高等学校试用教材
    
    ISBN :CNY1.80
    
●
相关链接 在E读中查询图书 在五车中查询图书 在当当中查询图书 在豆瓣中查询图书


正题名:地图学     索取号:P28/17         预约/预借

序号 登录号 条形码 馆藏地/架位号 状态 备注
1 0111479   000077776   第三借阅区/ [索取号:P28/17] 在馆    
2 0111480   000072441   第三借阅区/ [索取号:P28/17] 在馆    
3 0111481   202105961   第二样本阅览室/ [索取号:P28/17] 在馆    
唐山师范学院图书馆 欢迎您!
大连网信软件有限公司© 版权所有